Statistiques concernant Pays qui battent la Russie

Cliquez ici pour prendre le quiz!

Statistiques générales

  • Ce quiz a été pris 1,745 fois
  • Le résultat moyen est 11 sur 16

Statistiques - réponses

Rang Catégorie Pays % Correct
2Armée la plus puissanteEtats-Unis
99%
2Longueur totale des frontières la plus longueChine
93%
2Le plus d'exportations de pétroléArabie Saoudite
91%
11Pourcentage le plus élevé de la population
chrétienne orthodoxe
Arménie | Moldavie | Grèce | Géorgie | Roumanie |
Serbie | Chypre | Montenegro | Ukraine |
Bulgarie | Macédoine du Nord
85%
3Plus long littoralCanada | Indonésie
84%
5Capitale la plus froideMongolie | Kazakhstan | Islande | Norvège
81%
4Volcans les plus actifsIndonésie | Etats-Unis | Japon
76%
2Le plus de tigres sauvagesInde
75%
14Densité de population la plus faibleMongolie | Namibie | Australie | Islande | Suriname |
Mauritanie | Botswana | Guyana | Libye | Canada |
Gabon | République Centrafricaine
73%
2Le plus d'eaux de surface intérieuresCanada
63%
2Pluies totales reçues sur l'ensemble
du territoire
Brésil
59%
2Le plus de fuseaux horairesFrance
58%
2La plus grande distance Nord/Sud sur une
seule masse continentale
Brésil
55%
7Volcan le plus hautArgentine | Chili | Bolivie | Perou | Equateur | Tanzanie
45%
2Le plus de prairiesAustralie
44%
16Croissance démographique la plus
faible depuis 1990
Lettonie | Lituanie | Géorgie | Bosnie-Herzégovine |
Bulgarie | Armenie | Estonie | Roumanie | Croatie | Ukraine |
Albanie | Serbie | Biélorussie | Hongrie | Moldavie
38%

Distribution des résultats

Percentile par nombre de réponses

% des personnes avec chaque résultat

Votre développement - résultats

Vous n’avez pas pris ce quiz